000 00621nam a2200277Ia 4500
005 20260401122339.0
008 008 250103s9999 xx 000 0 eng d
020 _a9780521680837
037 _aTB
040 _aEDL
040 _beng
040 _cEDL
041 _2eng
041 _aeng
084 _a821.709 CHA
084 _qEDL
245 0 _aCambridge Companion to British Romantic Poetry
260 _aCambridge
260 _bCambridge University Press
260 _c2008
300 _a303p
942 _cTB
942 _h821.709 CHA
999 _c1846688
_d1846688